| 000 | 00862nas a2200265 4500 | ||
|---|---|---|---|
| 001 | BR0601208 | ||
| 003 | BR-BrBNA | ||
| 005 | 20231205105907.0 | ||
| 007 | ta | ||
| 008 | 230509b bl.|||p| |||| 00| 00por d | ||
| 040 |
_aBR-BrBNA _bpor _cBiblioteca Nacional de Agricultura |
||
| 041 | _a(Pt) | ||
| 072 | _aL01; E16 | ||
| 100 | 1 | _aLopes, M.A. | |
| 100 | 1 | _aMagalhães, G.P. | |
| 245 | 1 | _aRentabilidade na terminação de bovinos de corte em confinamento: um estudo de caso em 2003, na região Oeste de Minas Gerais | |
| 650 | _aGADO DE CORTE | ||
| 650 | _aCONFINAMENTO | ||
| 650 | _aPRODUÇÃO ANIMAL | ||
| 650 | _aRENTABILIDADE | ||
| 650 | _aCUSTO DE PRODUÇÃO | ||
| 773 | 0 |
_tCiência e Agrotecnologia (Brazil) _xISSN 1413-7054 _g(Sep-Oct 2005), v. 29(5) p. 1039-1044 _wBR0601208 |
|
| 909 |
_a202311 _bLúcia _c55 _dLúcia Elande |
||
| 942 |
_2AGRIS _n0 _cANA |
||
| 999 |
_c185233 _d185233 |
||